000
00362nam a2200133Ia 4500
008
100328s9999 xx 000 0 und d
082
_b
11434
100
_a
सावंत वसंत
245
_a
स्वस्तिक
260
_b
पॉप्युलर
630
_a
स्वस्तिक
730
_a
स्वस्तिक
942
_c
BOOK
999
_c
506755
_d
506752